[Event "Aktobe Dvorkovich op-A"]
[Site "Aktobe"]
[Date "2025.06.24"]
[Round "3"]
[White "Yilmaz, Mustafa"]
[Black "Davtyan, Artur"]
[Result "0-1"]
[WhiteElo "2586"]
[BlackElo "2472"]
[PlyCount "138"]
[EventDate "2025.06.22"]
[EventType "swiss"]
[EventRounds "9"]
[EventCountry "KAZ"]
[SourceTitle "CB27_2025"]
[SourceDate "2025.07.02"]
[SourceVersion "1"]
[SourceVersionDate "2025.07.02"]
[SourceQuality "1"]

1. d4 Nf6 2. c4 e6 3. Nf3 d5 4. Nc3 Bb4 5. Qa4+ Nc6 6. e3 0-0 7. Qc2 Ne7 8. Bd2 c5 9. a3 Bxc3 10. Bxc3 cxd4 11. Bxd4 Nc6 12. Bc3 dxc4 13. Bxc4 Qe7 14. 0-0 Nd5 15. Bd2 Nb6 16. Bd3 h6 17. b4 a6 18. Rfc1 Rd8 19. Rab1 e5 20. Bh7+ Kh8 21. Be4 Bg4 22. Be1 Nd5 23. Qb2 f5 24. Rxc6 Bxf3 25. Rxh6+ gxh6 26. Bxf3 Qg7 27. e4 fxe4 28. Bxe4 Rac8 29. Qb3 Nf4 30. Qe3 Rc4 31. g3 Rdd4 32. Bf5 Qf6 33. gxf4 Qxf5 34. Qxe5+ Qxe5 35. fxe5 Rd5 36. Kf1 Kh7 37. e6 Re4 38. Rc1 Rxe6 39. Rc7+ Kg6 40. Bc3 Rd1+ 41. Kg2 Rc6 42. Rg7+ Kf5 43. Rf7+ Ke4 44. Re7+ Kf5 45. Rf7+ Kg6 46. Rf3 b5 47. Be5 Re6 48. Bb8 Rc1 49. Ba7 Rc4 50. Rd3 Kf5 51. Bc5 Rg6+ 52. Kf3 Rf4+ 53. Ke2 Re6+ 54. Kf1 Rh4 55. h3 Rhe4 56. Kg2 Rg6+ 57. Kf3 Rf4+ 58. Ke2 Rc4 59. Kf3 Rf4+ 60. Ke2 Ke5 61. Kf1 Rh4 62. Ba7 Rc4 63. Ke2 Rc2+ 64. Kf3 Rf6+ 65. Ke3 Rfxf2 66. Bb8+ Kf5 67. Rd5+ Kg6 68. Bf4 Rce2+ 69. Kd3 Re6 0-1

[Event "Aktobe Dvorkovich op-A"]
[Site "Aktobe"]
[Date "2025.06.22"]
[Round "1"]
[White "Yilmaz, Mustafa"]
[Black "Nurgaliyev, Sauat"]
[Result "1-0"]
[WhiteElo "2586"]
[BlackElo "2404"]
[PlyCount "57"]
[EventDate "2025.06.22"]
[EventType "swiss"]
[EventRounds "9"]
[EventCountry "KAZ"]
[SourceTitle "CB27_2025"]
[SourceDate "2025.07.02"]
[SourceVersion "1"]
[SourceVersionDate "2025.07.02"]
[SourceQuality "1"]

1. d4 Nf6 2. c4 g6 3. Nc3 d5 4. cxd5 Nxd5 5. e4 Nxc3 6. bxc3 Bg7 7. Bc4 c5 8. Ne2 0-0 9. 0-0 Nc6 10. Be3 b6 11. h4 Bb7 12. h5 cxd4 13. cxd4 Rc8 14. h6 Bxd4 15. Nxd4 Nxd4 16. Bd5 Nc6 17. Qd2 Kh8 18. Qb2+ f6 19. Be6 Ne5 20. Rfd1 Qe8 21. Bxc8 Qxc8 22. f3 Nc4 23. Qd4 e5 24. Qd7 Qxd7 25. Rxd7 Bc8 26. Rc7 Be6 27. Bf2 a5 28. Bxb6 Nxb6 29. Rc6 1-0

[Event "Titled Tuesday intern op 20th May Late"]
[Site "Chess.com INT"]
[Date "2025.05.20"]
[Round "8"]
[White "Yilmaz, Mustafa"]
[Black "Boyer, Mahel"]
[Result "1/2-1/2"]
[WhiteElo "2586"]
[BlackElo "2521"]
[PlyCount "109"]
[EventDate "2025.05.20"]
[EventType "swiss (blitz)"]
[EventRounds "11"]
[EventCountry "USA"]
[SourceTitle "CB22_2025"]
[SourceDate "2025.05.28"]
[SourceVersion "1"]
[SourceVersionDate "2025.05.28"]
[SourceQuality "1"]

1. Nf3 g6 2. c4 Bg7 3. Nc3 e5 4. g3 Ne7 5. Bg2 0-0 6. 0-0 Nbc6 7. Rb1 a5 8. d3 d6 9. a3 Bg4 10. h3 Be6 11. b4 axb4 12. axb4 h6 13. b5 Nd4 14. Nd2 c6 15. Bb2 d5 16. e3 Ndf5 17. Qc2 h5 18. Ne2 cxb5 19. cxb5 Qd7 20. Nf3 Rfc8 21. Qd2 Qd6 22. Bc3 d4 23. exd4 exd4 24. Bb4 Qd7 25. Nf4 Ra2 26. Rb2 Rxb2 27. Qxb2 Bd5 28. Bxe7 Nxe7 29. Re1 Bf6 30. Rxe7 Bxe7 31. Ne5 Qc7 32. Bxd5 Qxe5 33. Nxg6 Qe1+ 34. Kh2 Rc1 35. Nxe7+ Kf8 36. h4 Kxe7 37. Qxd4 Rc2 38. Kg2 Rc1 39. Kf3 Qd1+ 40. Ke3 Rc2 41. Qe5+ Kf8 42. Qh8+ Ke7 43. Bf3 Qe1+ 44. Kf4 Rxf2 45. Qd4 Qd2+ 46. Ke4 f5+ 47. Kd5 Rxf3 48. Qe5+ Kf7 49. Qc7+ Kg6 50. Qd6+ Kg7 51. Qe7+ Kg8 52. Qe8+ Kg7 53. Qe7+ Kg8 54. Qe8+ Kg7 55. Qe7+ 1/2-1/2

[Event "EU-ch 25th"]
[Site "Eforie Nord"]
[Date "2025.03.26"]
[Round "11"]
[White "Yilmaz, Mustafa"]
[Black "Gokerkan, Cem Kaan"]
[Result "1/2-1/2"]
[WhiteElo "2576"]
[BlackElo "2473"]
[PlyCount "89"]
[EventDate "2025.03.15"]
[EventType "swiss"]
[EventRounds "11"]
[EventCountry "ROU"]
[SourceTitle "CB13_2025"]
[SourceDate "2025.03.26"]
[SourceVersion "1"]
[SourceVersionDate "2025.03.26"]
[SourceQuality "1"]

1. d4 Nf6 2. Nf3 d5 3. e3 e6 4. Bd3 Nbd7 5. Nbd2 c5 6. b3 b6 7. Bb2 Bb7 8. 0-0 Be7 9. Qe2 0-0 10. Rfd1 Rc8 11. Rac1 Ne4 12. c4 cxd4 13. Nxd4 Nxd2 14. Rxd2 Bb4 15. Rdd1 Qe7 16. cxd5 Bxd5 17. Bb5 Nf6 18. Nc6 Bxc6 19. Rxc6 Rxc6 20. Bxc6 Rc8 21. Bf3 h6 22. g3 a5 23. Qd3 e5 24. Qa6 Rb8 25. Kg2 Bc5 26. Kg1 Qe6 27. Qe2 Re8 28. Bb7 e4 29. Ba6 Qh3 30. Bxf6 gxf6 31. Bb5 Re5 32. Bd7 Qh5 33. Bg4 Qg6 34. h4 f5 35. Bh5 Qe6 36. Rd8+ Kg7 37. Qd1 Qf6 38. Be2 Re6 39. Qd5 f4 40. gxf4 Qxh4 41. Bh5 Bb4 42. Rd7 Rg6+ 43. Bxg6 Qg4+ 44. Kh2 Qh4+ 45. Kg2 1/2-1/2

[Event "EU-ch 25th"]
[Site "Eforie Nord"]
[Date "2025.03.25"]
[Round "10"]
[White "Bosiocic, Marin"]
[Black "Yilmaz, Mustafa"]
[Result "1/2-1/2"]
[WhiteElo "2518"]
[BlackElo "2576"]
[PlyCount "109"]
[EventDate "2025.03.15"]
[EventType "swiss"]
[EventRounds "11"]
[EventCountry "ROU"]
[SourceTitle "CB13_2025"]
[SourceDate "2025.03.26"]
[SourceVersion "1"]
[SourceVersionDate "2025.03.26"]
[SourceQuality "1"]

1. d4 Nf6 2. c4 e6 3. g3 d5 4. Bg2 dxc4 5. Qa4+ Nbd7 6. Qxc4 c5 7. Nf3 a6 8. Qb3 cxd4 9. Nxd4 Nc5 10. Qe3 Nd5 11. Qd2 b5 12. Nc3 Bb7 13. Nxd5 Bxd5 14. Nc6 Qd6 15. Bxd5 exd5 16. Nd4 g6 17. Qf4 Rc8 18. Qxd6 Bxd6 19. Be3 Ne6 20. Nf3 Ke7 21. Kd2 Rc4 22. b3 Bb4+ 23. Kd1 Rc7 24. Bd2 Bxd2 25. Kxd2 Rhc8 26. Rhd1 b4 27. Ke1 Rc5 28. Ne5 a5 29. Nd3 Rc2 30. a3 Rb8 31. axb4 axb4 32. Ne5 Rb5 33. Ra7+ Rc7 34. Rxc7+ Nxc7 35. Ra1 Rb7 36. Ra5 Ke6 37. f4 h5 38. Kd2 Ne8 39. Ra6+ Kf5 40. Nf3 Kg4 41. Ke1 Ng7 42. Rd6 Nf5 43. Rxd5 Ra7 44. Kf2 Kh3 45. Rd1 Nh6 46. Ng5+ Kxh2 47. Nf3+ Kh3 48. Rh1+ Kg4 49. Nd4 g5 50. Nf3 h4 51. gxh4 Kxf4 52. e3+ Kf5 53. hxg5 Ng4+ 54. Kg3 Nxe3 55. Rh4 1/2-1/2

[Event "EU-ch 25th"]
[Site "Eforie Nord"]
[Date "2025.03.17"]
[Round "3"]
[White "Girel, Joseph"]
[Black "Yilmaz, Mustafa"]
[Result "1/2-1/2"]
[WhiteElo "2498"]
[BlackElo "2576"]
[PlyCount "126"]
[EventDate "2025.03.15"]
[EventType "swiss"]
[EventRounds "11"]
[EventCountry "ROU"]
[SourceTitle "CB13_2025"]
[SourceDate "2025.03.26"]
[SourceVersion "1"]
[SourceVersionDate "2025.03.26"]
[SourceQuality "1"]

1. d4 Nf6 2. c4 e6 3. Nf3 d5 4. g3 Bb4+ 5. Bd2 a5 6. Bg2 0-0 7. Qc2 c5 8. cxd5 cxd4 9. Nxd4 Qb6 10. e3 exd5 11. a3 Bxd2+ 12. Nxd2 Nc6 13. N2f3 Bd7 14. 0-0 Nxd4 15. Nxd4 Rfc8 16. Qe2 Rc4 17. Rfd1 Rac8 18. Bf1 h5 19. Qe1 R4c7 20. b4 Ra8 21. Rac1 axb4 22. Qxb4 Qxb4 23. axb4 Rxc1 24. Rxc1 Rc8 25. Rxc8+ Bxc8 26. f3 Kf8 27. h4 Ke7 28. Kf2 Bd7 29. Ke1 Kd6 30. Kd2 Ng8 31. Bd3 Ne7 32. Kc3 Ke5 33. Be2 Kd6 34. Bd1 Be8 35. Bc2 Bd7 36. Ne2 Bf5 37. Ba4 Bd7 38. Bc2 Bf5 39. Bb3 Be6 40. Nd4 Bd7 41. Kd3 Ke5 42. Bd1 Kd6 43. Be2 Bf5+ 44. Kd2 Bd7 45. Bd1 Be8 46. f4 g6 47. g4 hxg4 48. Bxg4 Bd7 49. Bf3 Kc7 50. Kc3 Kd6 51. Be2 Ng8 52. h5 gxh5 53. Bxh5 f6 54. Bd1 Ne7 55. Bc2 Be8 56. Nf5+ Nxf5 57. Bxf5 Bh5 58. Kd4 b6 59. Bc8 Bf3 60. Bb7 Be4 61. Ba8 Ke6 62. Bc6 Kd6 63. Ba8 Ke6 1/2-1/2

[Event "NOR-chT Elite 2425"]
[Site "Norway"]
[Date "2025.03.09"]
[Round "9.42"]
[White "Amar, Elham"]
[Black "Yilmaz, Mustafa"]
[Result "1/2-1/2"]
[WhiteElo "2537"]
[BlackElo "2576"]
[PlyCount "107"]
[EventDate "2024.10.25"]
[EventType "team-tourn"]
[EventRounds "9"]
[EventCountry "NOR"]
[SourceTitle "CB16_2025"]
[SourceDate "2025.04.16"]
[SourceVersion "1"]
[SourceVersionDate "2025.04.16"]
[SourceQuality "1"]
[WhiteTeam "OSS"]
[BlackTeam "Valerenga"]
[WhiteTeamCountry "NOR"]
[BlackTeamCountry "NOR"]

1. e4 e5 2. Nf3 Nc6 3. Bb5 a6 4. Ba4 Nf6 5. 0-0 Be7 6. Re1 b5 7. Bb3 0-0 8. a4 b4 9. d4 d6 10. dxe5 Nxe5 11. Nxe5 dxe5 12. Qe2 Bc5 13. Be3 Bd4 14. Bxd4 Qxd4 15. Rd1 Bg4 16. Rxd4 Bxe2 17. Rd2 Rfd8 18. f3 Rxd2 19. Nxd2 Rd8 20. Nc4 Bxc4 21. Bxc4 a5 22. Rc1 Kf8 23. c3 b3 24. Ra1 Rd6 25. Ra3 Rd1+ 26. Bf1 Nd7 27. Rxb3 Nb6 28. Rb5 Nxa4 29. Rxe5 Nxb2 30. Rxa5 Rc1 31. c4 Nd1 32. Ra3 Nb2 33. Ra7 Nd1 34. Ra3 Nb2 35. Kf2 Nxc4 36. Ra8+ Ke7 37. Bxc4 Rxc4 38. g4 h6 39. h4 Rc2+ 40. Kg3 g5 41. Rg8 Kf6 42. hxg5+ hxg5 43. e5+ Kxe5 44. Rxg5+ Ke6 45. Ra5 f6 46. f4 Rc1 47. f5+ Ke7 48. Ra7 Rg1+ 49. Kf4 Rf1+ 50. Ke4 Re1+ 51. Kf4 Rf1+ 52. Ke4 Re1+ 53. Kf4 Rf1+ 54. Ke4 1/2-1/2

[Event "Titled Tuesday intern op 11th Feb Early"]
[Site "Chess.com INT"]
[Date "2025.02.11"]
[Round "4"]
[White "Paduano, Claudio"]
[Black "Yilmaz, Mustafa"]
[Result "1-0"]
[WhiteElo "2256"]
[BlackElo "2576"]
[PlyCount "59"]
[EventDate "2025.02.11"]
[EventType "swiss (blitz)"]
[EventRounds "11"]
[EventCountry "USA"]
[SourceTitle "CB09_2025"]
[SourceDate "2025.02.27"]
[SourceVersion "1"]
[SourceVersionDate "2025.02.27"]
[SourceQuality "1"]

1. d4 Nf6 2. c4 e6 3. Nf3 b6 4. a3 Bb7 5. Nc3 Ne4 6. Nxe4 Bxe4 7. Nd2 Bg6 8. e4 Nc6 9. d5 Na5 10. b4 Nb7 11. Bb2 a5 12. Bc3 Qg5 13. h4 Qe7 14. h5 Bxe4 15. Nxe4 axb4 16. Bxb4 d6 17. c5 bxc5 18. Bb5+ Kd8 19. Bc3 f5 20. Bc6 Ra7 21. Rb1 exd5 22. Qxd5 Qxe4+ 23. Qxe4 fxe4 24. Rxb7 Rxa3 25. Rb8+ Ke7 26. Kd2 Ra2+ 27. Ke3 Ra3 28. Kd2 Ra2+ 29. Kc1 Kf7 30. Bd5+ 1-0

[Event "Titled Tuesday intern op 11th Feb Early"]
[Site "Chess.com INT"]
[Date "2025.02.11"]
[Round "8"]
[White "Yilmaz, Mustafa"]
[Black "Erigaisi, Arjun Kumar"]
[Result "0-1"]
[WhiteElo "2576"]
[BlackElo "2801"]
[PlyCount "88"]
[EventDate "2025.02.11"]
[EventType "swiss (blitz)"]
[EventRounds "11"]
[EventCountry "USA"]
[SourceTitle "CB09_2025"]
[SourceDate "2025.02.27"]
[SourceVersion "1"]
[SourceVersionDate "2025.02.27"]
[SourceQuality "1"]

1. d4 d6 2. Nf3 g6 3. c4 Bg7 4. Nc3 Nc6 5. d5 Ne5 6. Nxe5 Bxe5 7. e4 c6 8. Bd3 Bg7 9. 0-0 Nf6 10. Bf4 0-0 11. Qd2 Nd7 12. Bh6 a5 13. b3 Nc5 14. Bc2 Bd7 15. Rae1 e5 16. Bxg7 Kxg7 17. dxc6 Bxc6 18. Rd1 Ne6 19. Ne2 Qf6 20. Qxd6 Rfd8 21. Qa3 b6 22. Qc1 a4 23. b4 Nf4 24. Qe3 b5 25. c5 h5 26. g3 Nxe2+ 27. Qxe2 h4 28. a3 Qe6 29. Bd3 Rab8 30. Qe3 Rd4 31. Bc2 Rbd8 32. Rxd4 Rxd4 33. Rd1 Qc4 34. Rxd4 exd4 35. Qd3 h3 36. f3 Kf8 37. Kf2 Qa2 38. Ke1 Qa1+ 39. Bb1 Qb2 40. Bc2 Qa1+ 41. Bb1 Bd7 42. Kd2 Be6 43. Kc1 Bc4 44. Qc2 Qxa3+ 0-1

[Event "Titled Tuesday intern op 21st Jan Late"]
[Site "Chess.com INT"]
[Date "2025.01.21"]
[Round "1"]
[White "Filgueiras, Nathan Felipe"]
[Black "Yilmaz, Mustafa"]
[Result "0-1"]
[WhiteElo "2293"]
[BlackElo "2576"]
[PlyCount "40"]
[EventDate "2025.01.21"]
[EventType "swiss (blitz)"]
[EventRounds "11"]
[EventCountry "USA"]
[SourceTitle "CB05_2025"]
[SourceDate "2025.01.29"]
[SourceVersion "1"]
[SourceVersionDate "2025.01.29"]
[SourceQuality "1"]

1. e4 c6 2. d4 d5 3. e5 Bf5 4. Be2 f6 5. Nf3 Nd7 6. Nh4 Be6 7. f4 Bf7 8. 0-0 e6 9. f5 Qb6 10. Kh1 0-0-0 11. fxe6 Bxe6 12. exf6 Ngxf6 13. Nc3 Bd6 14. Nf5 Bxf5 15. Rxf5 Rhf8 16. Bg5 Qxb2 17. Na4 Qa3 18. c3 Ne4 19. Rxf8 Rxf8 20. Kg1 Nxg5 0-1

[Event "Titled Tuesday intern op 21st Jan Late"]
[Site "Chess.com INT"]
[Date "2025.01.21"]
[Round "7"]
[White "Przybylski, Bartosz1"]
[Black "Yilmaz, Mustafa"]
[Result "0-1"]
[WhiteElo "2090"]
[BlackElo "2576"]
[PlyCount "74"]
[EventDate "2025.01.21"]
[EventType "swiss (blitz)"]
[EventRounds "11"]
[EventCountry "USA"]
[SourceTitle "CB05_2025"]
[SourceDate "2025.01.29"]
[SourceVersion "1"]
[SourceVersionDate "2025.01.29"]
[SourceQuality "1"]

1. e4 c6 2. d4 d5 3. f3 Qb6 4. Nc3 e6 5. a3 Nf6 6. e5 Nfd7 7. f4 c5 8. Nf3 cxd4 9. Nxd4 Nc6 10. Be3 Qa5 11. Bb5 Qc7 12. 0-0 Be7 13. Qg4 0-0 14. Bd3 Nc5 15. Nxc6 bxc6 16. b4 Nxd3 17. cxd3 f5 18. Qg3 a5 19. b5 c5 20. d4 Bd7 21. a4 Rfc8 22. Rac1 cxd4 23. Nxd5 Qd8 24. Nxe7+ Qxe7 25. Bxd4 Qb4 26. Qe3 Qxa4 27. b6 Bc6 28. Rb1 Bb7 29. Rfc1 Rc2 30. Rxc2 Qxc2 31. Rb2 Qd1+ 32. Kf2 a4 33. Qd2 Qh1 34. Kg3 a3 35. Ra2 Rd8 36. Qf2 Qd1 37. Be3 Qg4# 0-1

[Event "Titled Tuesday intern op 21st Jan Late"]
[Site "Chess.com INT"]
[Date "2025.01.21"]
[Round "6"]
[White "Yilmaz, Mustafa"]
[Black "Labog, Eric Jr"]
[Result "0-1"]
[WhiteElo "2576"]
[BlackElo "2291"]
[PlyCount "74"]
[EventDate "2025.01.21"]
[EventType "swiss (blitz)"]
[EventRounds "11"]
[EventCountry "USA"]
[SourceTitle "CB05_2025"]
[SourceDate "2025.01.29"]
[SourceVersion "1"]
[SourceVersionDate "2025.01.29"]
[SourceQuality "1"]

1. d4 Nf6 2. c4 g6 3. Nc3 Bg7 4. e4 0-0 5. Nf3 d6 6. Be2 c5 7. d5 e6 8. 0-0 exd5 9. exd5 Bf5 10. Bd3 Bg4 11. h3 Bxf3 12. Qxf3 Nbd7 13. Qd1 Re8 14. Bf4 Ne5 15. Be2 a6 16. Qc2 Nfd7 17. a4 f5 18. g3 Qf6 19. Rae1 g5 20. Bc1 f4 21. Kh2 f3 22. Bd1 Qh6 23. h4 Qh5 24. Bxg5 h6 25. Bf4 Rf8 26. Bxe5 Nxe5 27. Re4 Rf7 28. Rfe1 Raf8 29. Kg1 Ng4 30. Re6 Rf5 31. R1e4 Bd4 32. Rxd4 cxd4 33. Ne4 Re5 34. Nxd6 Rxe6 35. dxe6 Qe5 36. Qg6+ Kh8 37. Kf1 h5 0-1

[Event "Titled Tuesday intern op 21st Jan Late"]
[Site "Chess.com INT"]
[Date "2025.01.21"]
[Round "8"]
[White "Yilmaz, Mustafa"]
[Black "Mustafayev, Farid Farman Oglu"]
[Result "1-0"]
[WhiteElo "2576"]
[BlackElo "2319"]
[PlyCount "83"]
[EventDate "2025.01.21"]
[EventType "swiss (blitz)"]
[EventRounds "11"]
[EventCountry "USA"]
[SourceTitle "CB05_2025"]
[SourceDate "2025.01.29"]
[SourceVersion "1"]
[SourceVersionDate "2025.01.29"]
[SourceQuality "1"]

1. e4 Nf6 2. e5 Nd5 3. Nf3 d6 4. d4 Nb6 5. Be2 g6 6. 0-0 Bg7 7. a4 a5 8. c3 0-0 9. Na3 Nc6 10. exd6 cxd6 11. Bg5 h6 12. Bh4 g5 13. Bg3 f5 14. h3 f4 15. Bh2 Bf5 16. Nb5 Kh8 17. d5 Ne5 18. Nfd4 Bd7 19. Bf3 Qc8 20. Re1 Qc5 21. Be4 Qc8 22. Bb1 Nxd5 23. Nf3 Nf6 24. Nxe5 dxe5 25. Rxe5 Rd8 26. Qc2 Qc4 27. Rxe7 Bxb5 28. axb5 Re8 29. Ba2 Qxb5 30. Rae1 Rxe7 31. Rxe7 Rd8 32. Re1 Qd7 33. h4 Qd2 34. Qb1 Ng4 35. Rf1 Qd6 36. Qf5 Ne5 37. Bb1 Kg8 38. hxg5 hxg5 39. Qxg5 Rf8 40. Ba2+ Kh8 41. Bxf4 Bh6 42. Qxh6+ 1-0

[Event "Titled Tuesday intern op 21st Jan Late"]
[Site "Chess.com INT"]
[Date "2025.01.21"]
[Round "2"]
[White "Yilmaz, Mustafa"]
[Black "Silva Lucena, Cristian"]
[Result "1-0"]
[WhiteElo "2576"]
[BlackElo "2317"]
[PlyCount "129"]
[EventDate "2025.01.21"]
[EventType "swiss (blitz)"]
[EventRounds "11"]
[EventCountry "USA"]
[SourceTitle "CB05_2025"]
[SourceDate "2025.01.29"]
[SourceVersion "1"]
[SourceVersionDate "2025.01.29"]
[SourceQuality "1"]

1. d4 Nf6 2. c4 e6 3. Nf3 d5 4. Nc3 Be7 5. cxd5 exd5 6. Bf4 c6 7. e3 0-0 8. Bd3 h6 9. h3 Bd6 10. Ne5 Qe7 11. Bh2 Nfd7 12. Nxd7 Nxd7 13. Bxd6 Qxd6 14. 0-0 Nb6 15. Qc2 Bd7 16. Ne2 Rae8 17. a4 Nc8 18. b4 a6 19. b5 axb5 20. axb5 Ne7 21. bxc6 bxc6 22. Ra7 Ra8 23. Rfa1 Rxa7 24. Rxa7 Rb8 25. Nf4 Nc8 26. Ra6 Qc7 27. Nxd5 Qb7 28. Nc3 Nd6 29. Ra1 Qc7 30. Nd5 Qd8 31. Nf4 Ne8 32. Qc5 Nf6 33. Bc4 Ne4 34. Qe5 Nd2 35. Bd3 Qe8 36. Qxe8+ Rxe8 37. Ra7 Be6 38. Rc7 Bd5 39. Nxd5 cxd5 40. Rd7 Rc8 41. Rxd5 g6 42. Rc5 Rb8 43. Rc1 Rb3 44. Be2 Rb2 45. Ba6 Ne4 46. Rf1 h5 47. Bd3 Nf6 48. Rb1 Rd2 49. Rb3 h4 50. e4 Nh5 51. Bf1 Nf4 52. g3 hxg3 53. fxg3 Ne6 54. d5 Nc5 55. Re3 Kf8 56. Bg2 Ke7 57. e5 Kd7 58. d6 Ke6 59. h4 Rd1+ 60. Kh2 Nd3 61. Bh3+ Kd5 62. d7 Rd2+ 63. Bg2+ Ke6 64. d8Q Nf2 65. Qf6+ 1-0